[Event "GER Cup Net Final-C U1600"]
[Site "Playchess.com INT"]
[Date "2020.06.06"]
[Round "11"]
[White "Lang Pacheco, Noah"]
[Black "Pye, Raymond"]
[Result "1/2-1/2"]
[WhiteElo "1510"]
[BlackElo "1532"]
[PlyCount "126"]
[EventDate "2020.06.06"]
[EventType "swiss (blitz)"]
[EventRounds "13"]
[EventCountry "GER"]
[SourceTitle "CBM 197 Extra"]
[Source "ChessBase"]
[SourceDate "2020.09.30"]
[SourceVersion "1"]
[SourceVersionDate "2020.09.30"]
[SourceQuality "1"]

1. e4 d6 2. d4 Nf6 3. Nc3 Nbd7 4. Nf3 c6 5. Be3 e5 6. d5 Qc7 7. Bd3 Be7 8. Qd2 h6 9. 0-0 g5 10. Ne2 Nf8 11. Ng3 cxd5 12. exd5 Nxd5 13. Bf5 Be6 14. b3 Nxe3 15. fxe3 0-0-0 16. Rac1 Kb8 17. e4 Ng6 18. Bxe6 fxe6 19. Ne2 Nf4 20. Nxf4 gxf4 21. c4 Rhg8 22. Ne1 Rg4 23. Rf3 Rdg8 24. Rcc3 Qc6 25. Qe2 d5 26. exd5 exd5 27. Qxe5+ Bd6 28. Qxd5 Qxd5 29. cxd5 Bb4 30. Rcd3 Bc5+ 31. Kh1 Kc7 32. g3 fxg3 33. Rxg3 Rxg3 34. Rxg3 Rxg3 35. hxg3 Bf2 36. Ng2 Bxg3 37. Ne3 Bf4 38. Nf5 Kd7 39. Kg2 Ke8 40. Kf3 Bg5 41. d6 Kd7 42. Ke4 Ke6 43. b4 h5 44. a4 h4 45. Ne3 h3 46. Ng4 Kxd6 47. Nh2 a6 48. Kf5 Bd2 49. Kg4 Bxb4 50. Kxh3 Kc5 51. Nf3 b5 52. axb5 axb5 53. Kg2 Bc3 54. Kf1 b4 55. Ke2 b3 56. Kd1 Kc4 57. Kc1 Kd3 58. Kb1 Ke3 59. Ng5 Kf4 60. Ne6+ Ke5 61. Nc5 b2 62. Nd3+ Kd4 63. Nxb2 Bxb2 1/2-1/2